000 01111nam a2200217Ia 4500
003 Ost
005 20260416102401.0
008 260416s9999||||xx |||||||||||||| ||und||
040 _cfsecg
041 _aara
082 _a4
100 _aقريسي،ياسين
_eمؤلف
245 0 _aالإعلام الآلي 2 /
_cياسين قريسي
260 _aالجزائر
_bجامعة الجزائر3: كلية العلوم الإقتصادية، العلوم التجارية وعلوم التسيير
_c2023
300 _a101 ورقة
_bايضاحات
_c12 سم
504 _aمراجع ص.100
520 _aمدخل الى الخوارزميات،أنواع المتغيرات و الثوابت، العمليات في الخوارزميات، التعليمات الأساسية،تعليمات المراقبة،خوارزمية الجداول،خوارزمية المصفوفات.
653 _aالاعلام الالي
710 _aجامعة الجزائر3: كلية العلوم الإقتصادية، العلوم التجارية وعلوم التسيير
_eناشر علمي
942 _cHANDOUT
999 _c41437
_d41437